000 00688nam a22002057a 4500
003 OSt
005 20221027154835.0
008 221027b |||||||| |||| 00| 0 eng d
020 _a0-86463-272-x
040 _cBiblioteca Lado V
082 _2700.74
_aL989t
100 _9210
_aLynn, Victoria
_ecuradora
245 _aTurbulence 3RD Aucland Triennial 2007/
260 _aNueva Zelanda
_bAucland Art Gallery Toi o Tamaki
_c2007
300 _a127p.
_c21x26cm
650 _2Tesauro de Arte & Arquitectura
_aTRIENNIAL
650 _2Tesauro de Arte & Arquitectura
_aARTE
651 _2Tesauro de Arte & Arquitectura
_aNUEVA ZELANDA
942 _2ddc
_c1
_h700.74
_iL989t
_n0
999 _c2369
_d2369